Vernostný program podniku a jeho vplyv na nákupné rozhodnutie zákazníka diplomová práca

Gespeichert in:
Bibliographische Detailangaben
1. Verfasser: Diliancz, Alexander
Körperschaft: Obchodná fakulta EU. Katedra marketingu
Weitere Verfasser: Kita, Pavol
Format: Buch
Sprache:Slowakisch
Veröffentlicht: Bratislava 2012
Tags: Tag hinzufügen
Keine Tags, Fügen Sie das erste Tag hinzu!

MARC

LEADER 00000nbm a2200000 4500
001 0158950
005 20161109102219.7
041 0 |a slo 
044 |a SK 
245 1 0 |a Vernostný program podniku a jeho vplyv na nákupné rozhodnutie zákazníka  |b diplomová práca  |c Alexander Diliancz ; školiteľ: Pavol Kita 
264 1 |a Bratislava  |c 2012 
300 |a 69 s. 
100 1 |a Diliancz, Alexander 
700 1 |a Kita, Pavol 
710 2 |a Obchodná fakulta EU. Katedra marketingu